000 00759nam a22001937a 4500
005 20240305110223.0
008 120417t mx ||||| |||| 00| 0 spa d
020 _a9783687266884
050 0 4 _aKGF4638
_bM37 2012
100 1 _aMartínez Gutiérrez, Javier
245 1 3 _aEl ABC fiscal de los sueldos y salarios
_c / Javier Martínez Gutiérrez.
246 1 3 _aEl ABC fiscal de los sueldos y salarios
_b : 2012 : con 60 casos practicos : impuestos sobre la renta, seguro social, infonavit, impuestos locales, ley federal del trabajo.
250 _a5a ed.
260 _aMéxico :
_bEdiciones fiscales Isef,
_c2012
300 _a247 p. ;
_c20 cm.
650 7 _2lemb
_aImpuesto sobre la renta
_zMéxico
650 7 _2lemb
_aSalarios
_zMéxico
942 _2lcc
_cLIB
999 _c30309
_d30309